00505nam a2200157 a 4500008004100000020002400041100002200065245010200087260004100189300002500230504004000255650002500295003000100320005001700321040000900338  a9780521793100(hbk.)1 aChecchi, Daniele.10aThe economics of education :bhuman capital, family background and inequality /cDaniele Checchi. aCambridge :bCambridge press,c2006. axi, 278 p. ;c20 cm. aIncludes bibliographical reference. 1aEducation economics.20230123124924.0 cNUST